The seven C's of consulting / (Record no. 1099)

000 -LEADER
fixed length control field 00538nam a22002177a 4500
003 - CONTROL NUMBER IDENTIFIER
control field OSt
005 - DATE AND TIME OF LATEST TRANSACTION
control field 20140116120845.0
008 - FIXED-LENGTH DATA ELEMENTS--GENERAL INFORMATION
fixed length control field 130216b xxu||||| |||| 00| 0 eng d
020 ## - INTERNATIONAL STANDARD BOOK NUMBER
International Standard Book Number 9780273731085
040 ## - CATALOGING SOURCE
Original cataloging agency LoC
Language of cataloging English
050 ## - LIBRARY OF CONGRESS CALL NUMBER
Classification number HD69.C6C66 2010
100 ## - MAIN ENTRY--PERSONAL NAME
Relator code Cope, M.
245 ## - TITLE STATEMENT
Title The seven C's of consulting /
Statement of responsibility, etc Mick Cope
250 ## - EDITION STATEMENT
Edition statement 3rd ed.
260 ## - PUBLICATION, DISTRIBUTION, ETC. (IMPRINT)
Place of publication, distribution, etc England
Name of publisher, distributor, etc Pearson
Date of publication, distribution, etc 2010
300 ## - PHYSICAL DESCRIPTION
Extent xxiii.;372p.
Other physical details ill; Tables
501 ## - WITH NOTE
With note Includes index
650 ## - SUBJECT ADDED ENTRY--TOPICAL TERM
Topical term or geographic name as entry element Consulting
650 ## - SUBJECT ADDED ENTRY--TOPICAL TERM
Topical term or geographic name as entry element Management
942 ## - ADDED ENTRY ELEMENTS (KOHA)
Source of classification or shelving scheme
Koha item type Book
Holdings
Withdrawn status Lost status Source of classification or shelving scheme Damaged status Not for loan Home library Current library Date acquired Total Checkouts Total Renewals Full call number Barcode Date last seen Date checked out Copy number Price effective from Koha item type Shelving location
          Riara University Library Riara University Library 16/02/2013 7 2 HD69.C6C662010 3869/13 28/10/2014 07/10/2014 C.1 16/02/2013 Book  
          Riara University Library Riara University Library 19/02/2013 11 1 HD69.C6C662010 3870/13 12/01/2016 09/12/2015 C.2 19/02/2013 Book  
          Riara University Library Riara University Library 19/02/2013 10 1 HD69.C6C662010 3871/13 02/12/2017 16/11/2017 C.3 19/02/2013 Book on Shortloan General stack

Riara University Library,
P.O. Box 49940-00100,
Nairobi, Kenya.